Normal view
MARC view
Entry Uniform Title
001 - CONTROL NUMBER
- control field: 84870
003 - CONTROL NUMBER IDENTIFIER
- control field: dpl
005 - DATE AND TIME OF LATEST TRANSACTION
- control field: 20250908113419.0
008 - FIXED-LENGTH DATA ELEMENTS
- fixed length control field: 250908|| aca||aabn | a|a d
040 ## - CATALOGING SOURCE
- Original cataloging agency: dpl
- Transcribing agency: dpl
130 ## - HEADING--UNIFORM TITLE
- Uniform title: Sub Series II - Indian and Asian Contexts
670 ## - SOURCE DATA FOUND
- Source citation: Work cat.: (dpl)213366: Stayed Back, Stayed On:, 2025
